Dance Studio
Gespeichert in:
| 1. Verfasser: | |
|---|---|
| Weitere Verfasser: | |
| Format: | Manuskript Buch |
| Sprache: | Slowakisch Englisch |
| Veröffentlicht: |
Bratislava
2016
|
| Schlagworte: | |
| Online-Zugang: | http://is.stuba.sk/zp/portal_zp.pl?podrobnosti=102940 |
| Tags: |
Keine Tags, Fügen Sie das erste Tag hinzu!
|
MARC
| LEADER | 00000ntm a22000003a 4500 | ||
|---|---|---|---|
| 001 | stuzp57353 | ||
| 003 | SK-STU | ||
| 005 | 20210216131535.6 | ||
| 007 | ta | ||
| 008 | 150427s2015----xo-----f-mn---000-0-slo-d | ||
| 040 | |a STU |b slo | ||
| 041 | 0 | |a eng | |
| 100 | 1 | |a Tokovicsova, Alena |u 053130 |4 aut |U FAD Fakulta architektúry |T FA Ústav dejín a teórie architektúry a obnovy pamiatok |X 43864 |U A3130 |Y 394 |7 43864 | |
| 242 | 0 | 1 | |a Štúdio tanca |y slo |
| 245 | 1 | 0 | |a Dance Studio |
| 260 | |c 2016 |a Bratislava | ||
| 650 | 4 | |a potenciál |2 slo | |
| 650 | 4 | |a zeleň |2 slo | |
| 650 | 4 | |a tréning |2 slo | |
| 650 | 4 | |a potential |2 eng | |
| 650 | 4 | |a greenery |2 eng | |
| 650 | 4 | |a training |2 eng | |
| 700 | 1 | |a Botek, Andrej |u 053130 |k Z2 |4 ths |U FAD Fakulta architektúry |T FA Ústav dejín a teórie architektúry a obnovy pamiatok |X 351 |U A3130 |Y 394 |7 A000000351 | |
| 856 | 4 | |u http://is.stuba.sk/zp/portal_zp.pl?podrobnosti=102940 |u https://opac.crzp.sk/?fn=detailBiblioForm&sid=28C7416B5E23CF19957079CEF8E1 | |
| SQL | |a stuzp57353 |b DBP |c ENG |d Štúdio tanca |e 43864 |f Tokovicsová, Alena |g 053130 |h 351 |i Botek, Andrej |j 20160609 |k 149 |l 05 |m http://is.stuba.sk/zp/portal_zp.pl?podrobnosti=102940 |n B-AU |o 5.1.1. architektúra a urbanizmus | ||